Statistiques concernant Les 11 nations autochtones du Québec

Cliquez ici pour prendre le quiz!

Statistiques générales

  • Ce quiz a été pris 1 106 fois
  • Le résultat moyen est 5 sur 11

Statistiques - réponses

FamilleNation% Correct
AlgonquiensInnu
87%
InuitInuit
71%
IroquoiensHuron-Wendat
55%
AlgonquiensCri-Eeyou
48%
IroquoiensMohawk
47%
AlgonquiensMi'kmaq
46%
AlgonquiensAbénaki
41%
AlgonquiensAtikamekw
35%
AlgonquiensNaskapi
33%
AlgonquiensMalécite
32%
AlgonquiensAnishinabeg
25%

Distribution des résultats

Percentile par nombre de réponses

% des personnes avec chaque résultat

Votre développement - résultats

Vous n’avez pas pris ce quiz